书目信息 |
| 题名: |
高原明珠
|
|
| 作者: | ;乘火车游中国丛书编委会 编 | |
| 分册: | ||
| 出版信息: | 北京 中国铁道出版社 2003.01 |
|
| 页数: | 112页 | |
| 开本: | 19cm | |
| 丛书名: | 乘火车游中国丛书 | |
| 单 册: | ||
| 中图分类: | K928.973 | |
| 科图分类: | ||
| 主题词: | ||
| 电子资源: | ||
| ISBN: | 7-113-04903-6 | |
| 000 | 00995nam 2200253 450 | |
| 001 | 012007017636 | |
| 005 | 20070930155726.37 | |
| 010 | @a7-113-04903-6@dCNY15.00 | |
| 100 | @a20070815d2003 km y0chiy0120 ea | |
| 101 | 0 | @achi |
| 102 | @aCN@b110000 | |
| 105 | @aab z 000yy | |
| 200 | 1 | @a高原明珠@Agao yuan ming zhu@e贵州行@f《乘火车游中国丛书》编委会编@F《cheng huo che you zhong guo cong shu》bian wei hui bian |
| 210 | @a北京@c中国铁道出版社@d2003.01 | |
| 215 | @a112页@c彩图, 地图@d19cm | |
| 225 | 2 | @a乘火车游中国丛书@Acheng huo che you zhong guo cong shu |
| 330 | @a本书内容分为中国铁路、概说贵州、黔中游览线、黔西游览线、黔南游览线、黔北游览线、黔东游览线, 分别介绍了贵州的自然景观和名胜古迹。 | |
| 410 | 0 | @12001 @a乘火车游中国丛书 |
| 517 | 1 | @a贵州行@Agui zhou xing |
| 607 | @a贵州@Agui zhou@j旅游指南 | |
| 690 | @aK928.973@v4 | |
| 711 | 02 | @a乘火车游中国丛书编委会@Acheng huo che you zhong guo cong shu bian wei hui@4编 |
| 801 | 0 | @aCN@c20070930 |
| 905 | @dK928.973@eC729 | |
| 高原明珠:贵州行/《乘火车游中国丛书》编委会编.-北京:中国铁道出版社,2003.01 |
| 112页:彩图, 地图;19cm.-(乘火车游中国丛书) |
| ISBN 7-113-04903-6:CNY15.00 |
| 本书内容分为中国铁路、概说贵州、黔中游览线、黔西游览线、黔南游览线、黔北游览线、黔东游览线, 分别介绍了贵州的自然景观和名胜古迹。 |
| ● |
| 相关链接 |
|
|
|
正题名:高原明珠
索取号:K928.973/C729
 
预约/预借
| 序号 | 登录号 | 条形码 | 馆藏地/架位号 | 状态 | 备注 |
| 1 | 254553 | 202545530 | 社科库309/309社科库 24排3列2层/ [索取号:K928.973/C729] | 在馆 | |
| 2 | 254554 | 202545549 | 社科库309/309社科库 24排3列2层/ [索取号:K928.973/C729] | 在馆 | |
| 3 | 254555 | 202545558 | 社科库309/309社科库 24排3列2层/ [索取号:K928.973/C729] | 在馆 |